Projektování a výstavba pracovišť s mini a mikropočítači
Enregistré dans:
| Auteur principal: | |
|---|---|
| Format: | Livre |
| Langue: | tchèque |
| Publié: |
Praha
Kancelářské stroje
[1984]
|
| Tags: |
Pas de tags, Soyez le premier à ajouter un tag!
|
MARC
| LEADER | 00000nam a2200000 4500 | ||
|---|---|---|---|
| 001 | c110463 | ||
| 005 | 20221207070424.6 | ||
| 041 | 0 | |a cze | |
| 044 | |a CZ | ||
| 245 | 1 | 0 | |a Projektování a výstavba pracovišť s mini a mikropočítači |c Otto Šebor a kol. |
| 264 | 1 | |a Praha |b Kancelářské stroje |c [1984] | |
| 300 | |a 105 s. | ||
| 100 | 1 | |a Šebor, Otto | |